| 000 | 01155nam1a22002651i 4500 | ||
|---|---|---|---|
| 001 | v19\rc\1924312 | ||
| 005 | 20260406093254.0 | ||
| 035 | _a(NLR Aleph) 005266037 | ||
| 090 |
_a5950337 _c5950337 |
||
| 100 | _a20080404d1912 |||y0rusy50 ca | ||
| 101 | 0 | _arus | |
| 102 | _aRU | ||
| 105 | _ay j ||||| | ||
| 200 | 1 |
_aУчебник по истории западно-европейских литератур для старших классов средних учебных заведений _eВ 3 ч. Ч. 1- _fП. Коган |
|
| 210 |
_aМосква _cЗаря _d1912 |
||
| 215 | _d22 | ||
| 532 | 1 | 3 | _aУчебник по истории западно-европейских литератур для старших классов средних учебных заведений |
| 700 | 1 |
_8rus _7ca _aКоган _bП. С. _cлитературовед _f1872-1932 _gПетр Семенович _3RU\NLR\AUTH\7765584 _948513 |
|
| 801 | 0 |
_aRU _bNLR _c20080404 _gpsbo |
|
| 801 | 0 |
_aRU _bRuMoRGB _c20080404 _2psbo |
|
| 801 | 1 |
_aRU _bProSoft-M _c20080404 _2rusmarc |
|
| 801 | 2 |
_aRU _bNLR _c20100828 _2rusmarc |
|
| 852 |
_aNLR _j37.34.7.5 |
||
| 942 | _cBOOK | ||